Online katalóg knižníc regiónu Turca

Tajomstvo úspechu troch majstrov (Record no. 19918)

MARC details
000 -LEADER
fixed length control field 02242nam a2200601 a 4500
001 - CONTROL NUMBER
control field 19918
003 - CONTROL NUMBER IDENTIFIER
control field SK-KTurca
005 - DATE AND TIME OF LATEST TRANSACTION
control field 20251205170945.0
008 - FIXED-LENGTH DATA ELEMENTS--GENERAL INFORMATION
fixed length control field 160610s2015 xo e 000 0 slo
015 ## - NATIONAL BIBLIOGRAPHY NUMBER
National bibliography number SNBA2016/01
020 ## - INTERNATIONAL STANDARD BOOK NUMBER
International Standard Book Number 9788081720062 (viaz.)
035 ## - SYSTEM CONTROL NUMBER
System control number B528426D-8CC6-4D1F-A94C-E354A5CCD41C
035 ## - SYSTEM CONTROL NUMBER
System control number urn:nbn:sk:snk-amlfvp
035 ## - SYSTEM CONTROL NUMBER
System control number urn:nbn:sk:snk-am00941g
040 ## - CATALOGING SOURCE
Original cataloging agency ZKSE
Language of cataloging slo
Transcribing agency ZKSE
Modifying agency SNK
Description conventions AACR2
041 1# - LANGUAGE CODE
Language code of text/sound track or separate title slo
Language code of original eng
044 ## - COUNTRY OF PUBLISHING/PRODUCING ENTITY CODE
MARC country code xo
ISO country code SK
072 #7 - SUBJECT CATEGORY CODE
Subject category code 159.92
Subject category code subdivision Vývinová psychológia. Psychológia osobnosti
Source konspekt
080 ## - UNIVERSAL DECIMAL CLASSIFICATION NUMBER
Universal Decimal Classification number 159.923.5
Edition identifier 2001
080 ## - UNIVERSAL DECIMAL CLASSIFICATION NUMBER
Universal Decimal Classification number 17.024.4
Edition identifier 2001
080 ## - UNIVERSAL DECIMAL CLASSIFICATION NUMBER
Universal Decimal Classification number 316.772.4
Edition identifier 2001
080 ## - UNIVERSAL DECIMAL CLASSIFICATION NUMBER
Universal Decimal Classification number (035)
Edition identifier 2001
080 ## - UNIVERSAL DECIMAL CLASSIFICATION NUMBER
Universal Decimal Classification number 612.821.7
Edition identifier 2001
080 ## - UNIVERSAL DECIMAL CLASSIFICATION NUMBER
Universal Decimal Classification number 159.962.7
Edition identifier 2001
080 ## - UNIVERSAL DECIMAL CLASSIFICATION NUMBER
Universal Decimal Classification number 364.668
Edition identifier 2001
130 0# - MAIN ENTRY--UNIFORM TITLE
Uniform title Life Changing Secrets from the three Masters of Success.
Language of a work Slovensky
245 10 - TITLE STATEMENT
Title Tajomstvo úspechu troch majstrov
Remainder of title [tajomstvá troch majstrov po prvý raz spolu v jednej knihe]
Statement of responsibility, etc. Napoleon Hill, Joseph Murphy, Dale Carnegie ; [z anglického originálu preložili Helena Šajgalíková, Monika Sýkorová]
260 ## - PUBLICATION, DISTRIBUTION, ETC.
Place of publication, distribution, etc. [Bratislava]
Name of publisher, distributor, etc. Aktuell
Date of publication, distribution, etc. 2015
300 ## - PHYSICAL DESCRIPTION
Extent 381 s.
Dimensions 22 cm
500 ## - GENERAL NOTE
General note Miesto vyd. podľa ISBN
500 ## - GENERAL NOTE
General note Dokument obsahuje 3 diela od rôznych autorov
650 07 - SUBJECT ADDED ENTRY--TOPICAL TERM
Topical term or geographic name entry element sebazdokonaľovanie
Source of heading or term SNKPH
650 07 - SUBJECT ADDED ENTRY--TOPICAL TERM
Topical term or geographic name entry element úspech
Source of heading or term SNKPH
650 07 - SUBJECT ADDED ENTRY--TOPICAL TERM
Topical term or geographic name entry element podvedomie
Source of heading or term SNKPH
650 07 - SUBJECT ADDED ENTRY--TOPICAL TERM
Topical term or geographic name entry element Self-actualization
Source of heading or term SNKPHeng
650 07 - SUBJECT ADDED ENTRY--TOPICAL TERM
Topical term or geographic name entry element Succes
Source of heading or term SNKPHeng
650 07 - SUBJECT ADDED ENTRY--TOPICAL TERM
Topical term or geographic name entry element Subconsciousness
Source of heading or term SNKPHeng
650 07 - SUBJECT ADDED ENTRY--TOPICAL TERM
Topical term or geographic name entry element autosugescia
Source of heading or term SNKPH
650 07 - SUBJECT ADDED ENTRY--TOPICAL TERM
Topical term or geographic name entry element Autosuggestion
Source of heading or term SNKPHeng
650 07 - SUBJECT ADDED ENTRY--TOPICAL TERM
Topical term or geographic name entry element bohatstvo
Source of heading or term SNKPH
650 07 - SUBJECT ADDED ENTRY--TOPICAL TERM
Topical term or geographic name entry element Wealth
Source of heading or term SNKPHeng
650 07 - SUBJECT ADDED ENTRY--TOPICAL TERM
Topical term or geographic name entry element interpersonálna komunikácia
Source of heading or term SNKPH
650 07 - SUBJECT ADDED ENTRY--TOPICAL TERM
Topical term or geographic name entry element Interpersonal communication
Source of heading or term SNKPHeng
655 #7 - INDEX TERM--GENRE/FORM
Genre/form data or focus term príručky
Source of term SNKPH
655 #7 - INDEX TERM--GENRE/FORM
Genre/form data or focus term Handbooks, manuals, etc.
Source of term SNKPHeng
700 1# - ADDED ENTRY--PERSONAL NAME
Personal name Murphy, Joseph,
Dates associated with a name 1898-1981
Title of a work Moc nášho podvedomia
Relationship aut
700 1# - ADDED ENTRY--PERSONAL NAME
Personal name Carnegie, Dale,
Dates associated with a name 1888-1955
Title of a work Ako vystupovať a pôsobiť na ľudí
Relationship aut
700 1# - ADDED ENTRY--PERSONAL NAME
Personal name Šajgalíková, Helena,
Dates associated with a name 1952-
Relationship trl
700 1# - ADDED ENTRY--PERSONAL NAME
Personal name Sýkorová, Monika
Relationship trl
700 1# - ADDED ENTRY--PERSONAL NAME
Personal name Hill, Napoleon,
Dates associated with a name 1883-1970
Title of a work Myslite a zbohatnite
Relationship aut
942 ## - ADDED ENTRY ELEMENTS (KOHA)
Source of classification or shelving scheme Dewey Decimal Classification
Koha item type Odborná literatúra pre dospelých
Suppress in OPAC No
Holdings
Stav vyradenia Strata Poškodenie Spôsob nadobudnutia Domovská knižnica Aktuálna knižnica Dátum nadobudnutia Total checkouts Čiarový kód exemplára Date due Date last seen Date last checked out Typ exemplára
      Dar Mestská knižnica Turany Mestská knižnica Turany 05.12.2025 1 4712401209 10.05.2026 10.04.2026 10.04.2026 Odborná literatúra pre dospelých
Projekt je podporený Slovenskou asociáciou knižníc
Prevádzkuje Turčianska knižnica Martin 2026